000
00393nam a22001577a 4500
003
MPLRDC
005
20220104114513.0
008
210129b ||||| |||| 00| 0 eng d
082
_a
539.8 JMWW
100
_a
将门文物出版有限公司编辑部
245
_a
笑话连篇
_c
260
_a
_b
将门文物出版有限公司
_c
1990
300
_b
平
650
_a
942
_c
BK
_o
539.8 JMWW
999
_c
7978
_d
7968